| 000 | 00413cam a2200181ua 4500 | ||
|---|---|---|---|
| 020 | _cRe 1.00 | ||
| 041 |
_ahin _h |
||
| 082 |
_a891.54 _bPRE/SA |
||
| 100 | _aPremchand, . | ||
| 245 |
_aSapta-suman / _cPremchand. _hTextual Documents |
||
| 250 |
_a1 / _b. |
||
| 260 |
_a : _bHams Prakashan , _c1962. |
||
| 300 | _a103 ; . | ||
| 365 | _aRe 1.00 | ||
| 504 | _a | ||
| 942 | _cBK | ||
| 999 |
_c3630 _d3630 |
||